Κώστας Κρυστάλλης : μελέτη
Saved in:
| Main Author: | |
|---|---|
| Format: | Book |
| Language: | Greek |
| Published: |
Αθήνα :
Χιωτέλλης,
[1976].
|
| Series: | Μορφές και κείμενα της λογοτεχνίας μας (Χιωτέλλης)
5 |
| Subjects: | |
| Tags: |
Add Tag
No Tags, Be the first to tag this record!
|
MARC
| LEADER | 00000cam a2200000 i 4500 | ||
|---|---|---|---|
| 001 | 1/48021 | ||
| 008 | 980707s1976 gr | ||| |||| ||gre|| | ||
| 035 | |l 10043224 | ||
| 040 | |a GR-MyUA |b gre |e AACR2 | ||
| 041 | 0 | |a gre | |
| 082 | 7 | |a 889.092 |2 (22) | |
| 100 | 1 | |a Περάνθης, Μιχαήλ, |d 1917-1984. | |
| 245 | 1 | 0 | |a Κώστας Κρυστάλλης : |b μελέτη / |c Μιχαήλ Περάνθης. |
| 260 | |a Αθήνα : |b Χιωτέλλης, |c [1976]. | ||
| 300 | |a 253 σ. ; |c 18 εκ. | ||
| 490 | 1 | |a (Μορφές και κείμενα της λογοτεχνίας μας / Χιωτέλλης ; |v 5) | |
| 600 | 1 | 0 | |a Κρυστάλλης, Κώστας, |d 1868-1894. |
| 650 | 0 | 0 | |a Litterateurs |x Biography. |
| 830 | 0 | |a Μορφές και κείμενα της λογοτεχνίας μας (Χιωτέλλης) |v 5 | |
| 852 | |a INST |b SAMOS |e 19980707 |h 889.092 ΠΕΡ |p 005300011496 |q 005300011496 |t BK |y 0 | ||
| 901 | |a BIBL-1998-2 | ||
| 909 | |a Σ |b 051321 | ||
| 922 | |a 3ΕΛΗ |b 199709 |c ΔΩΡ |d ΠΑΡΙΑΝΟΣ | ||
| 970 | |z 07/07/1998 | ||